000
00325nam a22001337a 4500
008
210303b ||||| |||| 00| 0 eng d
020
_a
9780070210578
041
_a
eng
080
_2
4th
_a
330.722.6
100
_a
62
101
_a
KM
245
_a
Student Mastery Guide- Financial Accounting
_c
Neyhart,A.CH
942
_2
udc
_c
BK
999
_c
55613
_d
55613